Vacher's Parliamentary Companion (Record no. 2299)
[ view plain ]
| 000 -LEADER | |
|---|---|
| fixed length control field | 00494nam a22001337a 4500 |
| 008 - FIXED-LENGTH DATA ELEMENTS--GENERAL INFORMATION | |
| fixed length control field | 230621b xxu||||| |||| 00| 0 eng d |
| 082 ## - DEWEY DECIMAL CLASSIFICATION NUMBER | |
| Classification number | 328.42 |
| Item number | VAC |
| 100 ## - MAIN ENTRY--PERSONAL NAME | |
| Titles and words associated with a name | Vacher's Parliamentary Companion |
| 245 ## - TITLE STATEMENT | |
| Title | Vacher's Parliamentary Companion |
| Remainder of title | A reference book for parliament Departments of State Senior Civil Servants and Public Offices |
| Statement of responsibility, etc. | Corrected Quarterly |
| Medium | Number 1069 |
| 260 ## - PUBLICATION, DISTRIBUTION, ETC. (IMPRINT) | |
| Place of publication, distribution, etc. | London |
| Name of publisher, distributor, etc. | Vacher's Parliamentary Companion |
| Date of publication, distribution, etc. | 1993 |
| 300 ## - PHYSICAL DESCRIPTION | |
| Extent | 368p |
| 440 ## - SERIES STATEMENT/ADDED ENTRY--TITLE | |
| Number of part/section of a work | No. 1069 |
| 942 ## - ADDED ENTRY ELEMENTS (KOHA) | |
| Source of classification or shelving scheme | Dewey Decimal Classification |
| Koha item type | Books |
| Withdrawn status | Lost status | Source of classification or shelving scheme | Damaged status | Not for loan | Home library | Current library | Date acquired | Total Checkouts | Full call number | Barcode | Date last seen | Price effective from | Koha item type |
|---|---|---|---|---|---|---|---|---|---|---|---|---|---|
| Dewey Decimal Classification | County Hall Archives | County Hall Archives | 06/21/2023 | 328.42 VAC | 10013566 | 06/21/2023 | 06/21/2023 | Books |
